000 00463cam a2200181ua 4500
001 3732
008 120216n ii |||gr||||Z||||||asm
040 _cMAIN
082 _a398.2049145
100 _aGogoi, Lila,
245 1 1 _aAsamiya loka sahityar ruprekha
_cby Lila Gogoi
250 _a4th.
260 _aGuwahati:
_bStudents emporium,992.
300 _a304p:
_c23cm.
653 _aAssamese literature
653 _aAsamiya loka sahityar ruprekha
942 _cBK
999 _c3558
_d3558